000 00895nam a2200241Ia 4500
003 OSt
005 20220923211249.0
006 a|||||r|||| 00| 0
007 ta
008 220922b |||||||| |||| 00| 0 pan d
020 _a9788178562469 (hbk)
_c150
024 _a243,758
037 _b316, 08/10/2010, H.K. Prakashan
_cTextual
040 _aARTS
_cARTS
_bpan
041 _2pan
_apan
082 _aY73(P153):351, 153P9
100 _aਅਮਰਜੀਤ ਕੌਰ, ਥਦ.
245 0 _aਪੰਜਾਬੀ ਲੋਕ ਕਥਾਵਾਂ * ਪਾਠ, ਸਰੂਪ ਅਤੇ ਮਹੱਤਵ
260 _aਅੰਮ੍ਰਿਤਸਰ
_b ਵਾਰਿਸ Fਾਚ ਖ਼ਾਉ੍ਵਫੇFਨ
_c2009
300 _a112ਪੰ
_ccm.
942 _hY73(P153):351, 153P9
_cTEXL
_2CC
999 _c297889
_d297889